| 000 | 01181naa a22003257a 4500 | ||
|---|---|---|---|
| 001 | BR9400503 | ||
| 003 | BR-BrBNA | ||
| 005 | 20240918180905.0 | ||
| 007 | ta | ||
| 008 | 230509b bl.||||| |||| 00| 0 por d | ||
| 040 |
_aBR-BrBNA _bpor _cBiblioteca Nacional de Agricultura |
||
| 041 | _a(Pt) | ||
| 072 | _aT01; E50 | ||
| 090 | _aT01 BR9400503 | ||
| 100 | 1 | _aDiniz, J.A.O. | |
| 111 | 1 |
_a1. Simposio de Recursos Hidricos do Nordeste _cRecife, PE (Brazil) _d25-27 Nov 1992 |
|
| 245 | 1 | _aPoluicao, captacao e aspectos sanitarios associados ao aquifero quaternario na planicie do Recife: riscos potenciais a saude publica | |
| 260 | 3 |
_aRecife, PE (Brasil): _c1992. |
|
| 500 | _a1. Simposio de Recursos Hidricos do Nordeste. Anais Recife, PE (Brasil): 1992. v. 1 p. 413-426 (BR9400503-AM)T01 | ||
| 650 | _aAguas Subterraneas | ||
| 650 | _aResiduo | ||
| 650 | _aDejeto | ||
| 650 | _aPoluicao da Agua | ||
| 650 | _aFossa Septica | ||
| 650 | _aRecife | ||
| 650 | _aPernambuco | ||
| 773 | 0 |
_t1. Simposio de Recursos Hidricos do Nordeste. Anais _wT01 BR9400503 _gRecife, PE (Brasil), 1992. v. 1 p. 413-426 |
|
| 909 |
_a202404 _bLucia _c55 _dLucia Elande |
||
| 942 |
_cAM _2AGRIS |
||
| 999 |
_c322521 _d322521 |
||